000 00447nam a2200193Ia 4500
999 _c5904
_d5904
003 0100
008 130227s9999 xx 000 0 und d
040 _cARRUPELIB
050 _aDT511.J35 1977
100 _aJames, Cyril Lionel Robert
_924757
245 _aNkurumah and the Ghana revolution
260 _bAllison and busby
_aLondon
_c1977
300 _a225p.
300 _b 22cm.
600 _aNkurumah, Kwame
_932210
650 _aNationalism
_xAfrica
_932211
650 _aGhana
_xPolitics
_yTo 1957
_932212
942 _2lcc
_cMONOGRAPH